The Confessions of Saint Augustine : (Record no. 604606)

MARC details
000 -LEADER
fixed length control field 00528nam a2200193 a 4500
008 - FIXED-LENGTH DATA ELEMENTS--GENERAL INFORMATION
fixed length control field 251224s2006##################000#0#eng##
020 ## - INTERNATIONAL STANDARD BOOK NUMBER
ISBN 9781842931998
082 04 - DEWEY DECIMAL CLASSIFICATION NUMBER
Classification number 270.2092
Item number AUG
100 1# - MAIN ENTRY--AUTHOR NAME
Personal name Hippo.), Saint Augustine (Bishop of,
245 10 - TITLE STATEMENT
Title The Confessions of Saint Augustine :
260 ## - PUBLICATION, DISTRIBUTION, ETC. (IMPRINT)
Name of publisher Watkins Publishing,
Year of publication 2006.
300 ## - PHYSICAL DESCRIPTION
Number of Pages 472 pages
650 #0 - SUBJECT ADDED ENTRY--TOPICAL TERM
Topical Term Bishops.
942 ## - ADDED ENTRY ELEMENTS (KOHA)
Koha item type English Books
Holdings
Withdrawn status Lost status Damaged status Not for loan Home library Current library Shelving location Date acquired Full call number Accession Number Price effective from Koha item type
        Anna Centenary Library Anna Centenary Library 3RD FLOOR, B WING 26.12.2025 270.2092 AUG 446857 26.12.2025 English Books

Find us on the map